Giblin's Platoon (Record no. 351130)
[ view plain ]
| 000 -LEADER | |
|---|---|
| fixed length control field | 00504nam a2200133Ia 4500 |
| 008 - FIXED-LENGTH DATA ELEMENTS--GENERAL INFORMATION | |
| fixed length control field | 171212s9999 xx 000 0 und d |
| 020 ## - INTERNATIONAL STANDARD BOOK NUMBER | |
| International Standard Book Number | 9781920942496 |
| 100 ## - MAIN ENTRY--PERSONAL NAME | |
| Personal name | Coleman, William;Cornish, Selwyn;Hagger, Alf |
| 245 ## - TITLE STATEMENT | |
| Statement of responsibility, etc | Coleman, William;Cornish, Selwyn;Hagger, Alf |
| Title | Giblin's Platoon |
| Remainder of title | The trials and triumph of the economist in Australian public life |
| 260 ## - PUBLICATION, DISTRIBUTION, ETC. (IMPRINT) | |
| Name of publisher, distributor, etc | ANU E Press |
| Date of publication, distribution, etc | 2006 |
| 650 ## - SUBJECT ADDED ENTRY--TOPICAL TERM | |
| Topical term or geographic name as entry element | Economics |
| 650 ## - SUBJECT ADDED ENTRY--TOPICAL TERM | |
| Topical term or geographic name as entry element | Economists -- Australia |
| 856 ## - ELECTRONIC LOCATION AND ACCESS | |
| Uniform Resource Identifier | <a href="www.jstor.org/stable/10.2307/j.ctt2jbj9b">www.jstor.org/stable/10.2307/j.ctt2jbj9b</a> |
| Withdrawn status | Lost status | Damaged status | Home library | Current library | Date acquired | Total Checkouts | Date last seen | Price effective from | Koha item type |
|---|---|---|---|---|---|---|---|---|---|
| College Library | College Library | 12/12/2017 | 12/12/2017 | 12/12/2017 | Curriculum - Based eBooks |